Cours de droit commercial
Saved in:
| Main Author: | |
|---|---|
| Format: | Book |
| Language: | French |
| Published: |
Bruselas
Societé Belge de Librairie
1842
|
| Subjects: | |
| Tags: |
Add Tag
No Tags, Be the first to tag this record!
|
MARC
| LEADER | 00000nam a2200000 a 4500 | ||
|---|---|---|---|
| 001 | UCR4162 | ||
| 003 | CL-VaPUC | ||
| 008 | 980307e18420000BE |||||||||||||||||fre|d | ||
| 082 | 0 | 4 | |a 346.07 |b PAR |2 21 |
| 100 | |a Pardessus, J. M. |e auteur |9 404518 | ||
| 245 | 1 | 0 | |a Cours de droit commercial |
| 300 | |a t | ||
| 942 | |c BK | ||
| 945 | |d 19980307 00:00:00 |a cmena | ||
| 260 | |a Bruselas |b Societé Belge de Librairie |c 1842 | ||
| 650 | 0 | |a Derecho comercial |9 256340 | |
| 650 | 0 | |a Empresas |9 255569 | |
| 650 | 0 | |a Fuentes del derecho |9 255162 | |
| 650 | 0 | |a Derecho civil |9 255013 | |
| 650 | 0 | |a Contratos |9 255153 | |
| 650 | 0 | |a Obligaciones |9 255578 | |
| 650 | 0 | |a Bienes |9 255749 | |
| 650 | 0 | |a Sociedades |9 259052 | |
| 650 | 0 | |a Sociedades anónimas |9 255387 | |
| 650 | 7 | |a SEGUROS |2 CL-VaPUC |9 403856 | |
| 583 | |a last modification |c 19980307 00:00:00 |k Rodrigo Vera | ||
| 999 | |c 267113 |d 267111 | ||
| 952 | |0 0 |1 0 |4 0 |6 346_070000000000000_PAR_1842 |7 0 |8 X |9 299292 |a BIBDER |b BIBDER |d 2019-11-20 |h t.1 |i 1958151 |o 346.07 PAR 1842 |p 1958151 |r 2023-01-25 |w 2019-11-20 |y BK_X |k DER | ||
| 952 | |0 0 |1 0 |4 0 |6 346_070000000000000_PAR_1842 |7 0 |8 X |9 299293 |a BIBDER |b BIBDER |d 2019-11-20 |h t.2 |i 195816K |o 346.07 PAR 1842 |p 195816K |r 2023-01-25 |w 2019-11-20 |y BK_X |k DER | ||
| 952 | |0 0 |1 0 |4 0 |6 346_070000000000000_PAR_1842 |7 0 |8 X |9 299294 |a BIBDER |b BIBDER |d 2019-11-20 |h t.3 |i 1958178 |o 346.07 PAR 1842 |p 1958178 |r 2023-01-25 |w 2019-11-20 |y BK_X |k DER | ||